000 00693nam a2200181 i 4500
001 151069
003 ES-MaACL
005 20230906203825.0
007 t|
008 071204s1956 sp ||||1| spa d
100 1 _aAulló Urech, Miguel.
_923909
245 1 0 _aAlimentación y repoblación del lucio en las aguas continentales y noticia sobre la perca americana de boca grande /
_cpor Miguel Aulló Urech.
260 _aMadrid :
_b[s.n.,
_c1956]
300 _a14 p. :
_bil. ;
_c24 cm.
500 _aEs separata de: Instituto Forestal de Investigaciones y Experiencias, año XXVII, nº 7, Madrid 1956.
852 _aES-MaACL
_j1985-F-17
_bR.38629
852 _aES-MaACL
_j1985-F-16
_bR.38559
999 _c151069
_d151069